000 00904nam a2200301 i 4500
003 EG-GICUC
005 20260121101731.0
008 260117s1981 uk ||||fr ||| 00| 0 eng d
020 _a0841906203
040 _aEG-GICUC
_cEG-GICUC
_dEG-GICUC
_erda
_beng
041 0 _aeng
082 0 4 _221
_a341.48
_bFA . H
092 0 4 _221
099 _aLaw1 11 341.48 FA . H 1981
100 1 _aFalk,Richard
_eAuthor.
245 1 2 _aHuman Rights And State Sovereignty /
_cRichard Falk .
264 0 _aUnited Kingdom :
_bHolmes&Meier Publishers ,
_c1981 .
300 _a251 Pages;
_c30 cm.
336 _atext
_2rda content
337 _aComputer
_2rda media
338 _aOnline Resource
_2rda carrier
546 _aText in English
650 0 4 _aPublic international law
650 0 4 _aHuman Rights
856 _uhttps://fll.law.cu.edu.eg/fulltext/th/B11-05288.pdf
905 _a59
942 _2ddc
_cBK
_e21
_n0
999 _c57333
_d57333